Países más cercanos a Argelia - Estadísticas

Estadísticas generales
  • Esta prueba ha sido intentada 175 veces
  • La puntuación promedio es 16 de 20
Estadísticas de respuestas
km país % Correcto
0 Marruecos
100%
0 Libia
99%
0 Túnez
99%
68 España
98%
0 Mauritania
96%
0 Níger
96%
214 Italia
93%
0 Malí
93%
312 Chad
92%
494 Francia
89%
500 Malta
88%
601 Nigeria
87%
521 Portugal
81%
642 Ciudad del Vaticano
73%
838 San Marino
73%
613 Burkina Faso
72%
637 Andorra
68%
739 Mónaco
65%
733 Benín
39%
0 Sahara Occidental
37%
No se encontraron pruebas coincidentes
Distribución de puntuación
Porcentaje de gente con cada puntuación
Porcentaje por número respondido
Historial de tus puntuaciones
No has intentado esta prueba.